MARC

LEADER 00000nam0a2200000 4500
001 326730
005 20231102003905.0
010 |a 5217019808 
035 |a (RuTPU)RU\TPU\book\352390 
090 |a 326730 
100 |a 20170113d1992 m y0rusy50 ca 
101 0 |a rus 
102 |a RU 
105 |a a j 001zy 
200 1 |a Проектирование следящих систем. Физические и методические основы  |e учебник  |f под ред. Н. А. Лакоты 
210 |a Москва  |c Машиностроение  |d 1992 
215 |a 352 с.  |c ил. 
225 1 |a Для вузов 
320 |a Библиогр.: с. 349 
606 1 |a Следящие системы  |x Проектирование  |2 stltpush  |3 (RuTPU)RU\TPU\subj\55119  |9 73190 
610 1 |a АСУ 
610 1 |a автоматические системы управления 
610 1 |a электроприводы 
610 1 |a электрогидравлические приводы 
610 1 |a вязкое трение 
610 1 |a непрерывные системы 
610 1 |a чувствительные элементы 
610 1 |a учебники 
675 |a 681.513.3.001.6(075.8)  |v 4 
702 1 |a Лакота  |b Н. А.  |4 340 
801 1 |a RU  |b 63413507  |c 20170113 
801 2 |a RU  |b 63413507  |c 20170117  |g RCR 
942 |c BK